| 000 | 00758nam a2200229 a 4500 | ||
|---|---|---|---|
| 001 | 4061 | ||
| 003 | CDMR | ||
| 005 | 20131205100702.0 | ||
| 008 | 130130s1981||||sp |||||||||||||||||spa|d | ||
| 020 | _a8430908846 | ||
| 040 |
_aCDMR _bcat _cCDMR |
||
| 100 | 1 |
_92108 _aMartínez Albertos, José Luís |
|
| 245 | 0 |
_aLa información en una sociedad industrial _b: función social de los "mass-media" en un universo democrático _cJosé Luis Martínez Albertos |
|
| 250 | _a2a ed. aum. | ||
| 260 |
_aMadrid _bTecnos _c1981 |
||
| 300 | _a207 p. | ||
| 490 | 0 |
_aSemilla y Surco. _aSerie de Sociología |
|
| 650 | 0 | 4 |
_94289 _aComunicació _xAspectes socials |
| 650 | 0 | 4 |
_92799 _aPeriodisme _xAspectes socials |
| 650 | 0 | 4 |
_91574 _aLlibertat d'informació |
| 942 |
_cMON _2udc |
||
| 999 |
_c4061 _d4061 |
||